| 000 | 00527nam a2200181Ia 4500 | ||
|---|---|---|---|
| 005 | 20250326124127.0 | ||
| 008 | 250326s9999 xx 000 0 und d | ||
| 037 | _aTextbook | ||
| 040 |
_aFMSL _beng _cFMSL |
||
| 041 |
_aeng _2eng |
||
| 084 |
_aX:51 K4 _qFMSL |
||
| 100 | _aCundiff E W | ||
| 245 | 0 |
_aBasic marketing: concepts,environment, and decisions _cCundiff E W; Still R R |
|
| 260 |
_aNew Jersey _bNew Jersey, Prentice-Hall _c1964 |
||
| 300 | _a576p | ||
| 942 |
_cTB _hX:51 K4 |
||
| 999 |
_c1272404 _d1272404 |
||